<A> Practical Guide to Designing Expert Systems

Saved in:
Bibliographic Details
Main Author: Weiss, Sholom M.
Other Authors: Kulikowski, Casimir A.
Format: Book
Language:English
Published: Totowa Rowman and Allanheld Publ. 1984
Edition:1. ed.
Subjects:
Tags: Add Tag
No Tags, Be the first to tag this record!

MARC

LEADER 00000nam a2200000 4500
001 c010163
005 20221207074933.0
020 |a 0-86598-108-6 
041 0 |a eng 
044 |a US 
245 1 0 |a <A> Practical Guide to Designing Expert Systems  |c Sholom M. Weiss, Casimir A. Kulikowski 
250 |a 1. ed. 
264 1 |a Totowa  |b Rowman and Allanheld Publ.  |c 1984 
300 |a 174 s. 
610 2 0 |a systémy expertné 
610 2 0 |a projektovanie 
610 2 0 |a modely matematicko-logické 
610 2 0 |a metódy inžinierstva systémového 
100 1 |a Weiss, Sholom M. 
700 1 |a Kulikowski, Casimir A.